[Event "Winnipeg Campbell Memorial"]
[Site "Winnipeg"]
[Date "2016.12.13"]
[Round "6"]
[White "Mandusic, Ante"]
[Black "Magyar, Peter"]
[Result "0-1"]
[WhiteElo "1233"]
[BlackElo "1598"]
[PlyCount "122"]
[EventDate "2016.11.01"]
[EventType "swiss"]
[EventRounds "7"]
[EventCountry "CAN"]
[SourceTitle "EXT 2022"]
[Source "ChessBase"]
[SourceDate "2021.10.06"]
[SourceVersion "1"]
[SourceVersionDate "2021.10.06"]
[SourceQuality "1"]

1. e4 e6 2. Bc4 d5 3. Bd3 Bc5 4. b3 Qf6 5. Nf3 Nh6 6. 0-0 0-0 7. c3 Bd6 8. e5 Bxe5 9. Nxe5 Qxe5 10. Bb2 c5 11. Re1 Qd6 12. c4 d4 13. a3 Nc6 14. a4 Ne5 15. Be4 f5 16. Bf3 Nd3 17. Ra2 Nxe1 18. Qxe1 e5 19. Bd5+ Nf7 20. d3 Kh8 21. Nd2 Qb6 22. Ra3 Qd6 23. Nf3 Qc7 24. Bc1 Re8 25. Bd2 Be6 26. Bxe6 Rxe6 27. Kh1 Rae8 28. Ng1 Qb8 29. Ra2 R8e7 30. Bc1 Qe8 31. f3 e4 32. Qd2 exd3 33. Qxd3 Ne5 34. Qd1 Nf7 35. Bd2 Ne5 36. Bg5 Rd7 37. Bf4 Nf7 38. Bd2 Rde7 39. f4 Nh6 40. Qb1 Ng4 41. Qf1 Ne3 42. Qf3 Qc6 43. Qxc6 Rxc6 44. Be1 Ng4 45. Nf3 Rce6 46. Ra1 Re2 47. Kg1 Ne3 48. Bf2 Rb2 49. Rd1 Nxd1 50. g3 Nxf2 51. Kg2 Ng4+ 52. Kh3 Rxb3 53. a5 d3 54. a6 bxa6 55. Nd2 Nf2+ 56. Kh4 Rb2 57. Nf3 d2 58. Ng5 Kg8 59. Nh3 Nxh3 60. Kxh3 d1Q 61. g4 Qxg4# 0-1

[Event "Winnipeg TNT May op"]
[Site "Winnipeg"]
[Date "2013.05.28"]
[Round "4"]
[White "Leaden, Bruce"]
[Black "Mandusic, Ante"]
[Result "1-0"]
[WhiteElo "1609"]
[BlackElo "1232"]
[PlyCount "57"]
[EventDate "2013.05.07"]
[EventType "swiss"]
[EventRounds "4"]
[EventCountry "CAN"]
[SourceTitle "EXT 2022"]
[Source "ChessBase"]
[SourceDate "2021.10.06"]
[SourceVersion "1"]
[SourceVersionDate "2021.10.06"]
[SourceQuality "1"]

1. e4 e5 2. Nf3 d6 3. d4 Nd7 4. Bc4 Ne7 5. Ng5 d5 6. exd5 Nf6 7. d6 Ned5 8. dxe5 b5 9. Bxd5 Be6 10. Bxa8 Nd7 11. Nxe6 fxe6 12. Bc6 a6 13. 0-0 cxd6 14. exd6 g6 15. Re1 Qf6 16. Nc3 Kd8 17. Ne4 Qe5 18. Bg5+ Kc8 19. Bxd7+ Kxd7 20. Nf6+ Qxf6 21. Bxf6 Rg8 22. Qe2 Bxd6 23. Qxe6+ Kc7 24. Qxg8 Kb6 25. Bd4+ Ka5 26. Qd8+ Ka4 27. b3+ Kb4 28. Qxd6+ Ka5 29. Qa3# 1-0

[Event "Winnipeg TNT May op"]
[Site "Winnipeg"]
[Date "2013.05.21"]
[Round "3"]
[White "Mandusic, Ante"]
[Black "Baron, Gustav L"]
[Result "0-1"]
[WhiteElo "1232"]
[BlackElo "1854"]
[PlyCount "68"]
[EventDate "2013.05.07"]
[EventType "swiss"]
[EventRounds "4"]
[EventCountry "CAN"]
[SourceTitle "EXT 2022"]
[Source "ChessBase"]
[SourceDate "2021.10.06"]
[SourceVersion "1"]
[SourceVersionDate "2021.10.06"]
[SourceQuality "1"]

1. e4 c6 2. d4 d5 3. e5 Bf5 4. Nf3 e6 5. Be3 Ne7 6. Be2 Nd7 7. Nbd2 c5 8. c3 Nc6 9. c4 dxc4 10. Nxc4 cxd4 11. Bxd4 Bb4+ 12. Bc3 Bxc3+ 13. bxc3 0-0 14. 0-0 Qc7 15. Rb1 Bxb1 16. Qxb1 Ndxe5 17. Re1 Nxc4 18. Bxc4 Rac8 19. Bd3 h6 20. Be4 Rfd8 21. Qc2 b6 22. Nd2 Qf4 23. Re2 Nd4 24. cxd4 Rxc2 25. g3 Qxd2 26. Rxd2 Rxd2 27. a4 R8xd4 28. Bc6 g5 29. Kg2 g4 30. Bb7 Rxa4 31. Bc6 Raa2 32. Be4 Rxf2+ 33. Kg1 Rfe2 34. Bd3 Ra1+ 0-1

[Event "Winnipeg TNT April op"]
[Site "Winnipeg"]
[Date "2013.04.09"]
[Round "2"]
[White "Towns, Barry"]
[Black "Mandusic, Ante"]
[Result "1-0"]
[WhiteElo "1740"]
[BlackElo "1237"]
[PlyCount "151"]
[EventDate "2013.04.02"]
[EventType "swiss"]
[EventRounds "5"]
[EventCountry "CAN"]
[SourceTitle "EXT 2022"]
[Source "ChessBase"]
[SourceDate "2021.10.06"]
[SourceVersion "1"]
[SourceVersionDate "2021.10.06"]
[SourceQuality "1"]

1. e4 e5 2. f4 Nc6 3. Bc4 Bc5 4. Nf3 Qe7 5. b4 Bxb4 6. 0-0 Qc5+ 7. d4 Qxc4 8. fxe5 Nge7 9. Ng5 Qxd4+ 10. Qxd4 Nxd4 11. Na3 0-0 12. Nc4 d5 13. exd6 cxd6 14. Bb2 Bc5 15. Kh1 f6 16. Nf3 Nxc2 17. Rad1 Ne3 18. Nxe3 Bxe3 19. Rxd6 Bg4 20. h4 Bf4 21. e5 b5 22. exf6 Nf5 23. fxg7 Nxg7 24. Rd4 a5 25. Nh2 Ne6 26. Rd7 Bh5 27. Nf3 Bh6 28. Re1 Rae8 29. Re5 Bxf3 30. gxf3 Rxf3 31. Rd6 Nc7 32. Rxe8+ Nxe8 33. Rxh6 Rf2 34. Bc3 b4 35. Bd4 Rxa2 36. Re6 Kf7 37. Rh6 Rd2 38. Bb6 a4 39. Rxh7+ Kg8 40. Ra7 Ra2 41. Bc5 b3 42. Bd4 a3 43. Re7 b2 44. Rxe8+ Kf7 45. Re1 Kg6 46. Kg2 Kh5 47. Kh3 b1Q 48. Rxb1 Kg6 49. Bc5 Kh5 50. Rb3 Ra1 51. Kg3 a2 52. Ra3 Rc1 53. Bd4 Rc4 54. Ra5+ Kg6 55. Ba1 Rc2 56. h5+ Kh6 57. Kf3 Rh2 58. Kg4 Rg2+ 59. Kh3 Rc2 60. Kg3 Rc1 61. Rxa2 Rg1+ 62. Kh4 Rg5 63. Ra6+ Rg6 64. Ra5 Rg8 65. Bf6 Kh7 66. Rg5 Rf8 67. Rg6 Re8 68. Kg5 Rc8 69. Rg7+ Kh8 70. Rc7+ Kg8 71. Rxc8+ Kf7 72. Rc6 Ke8 73. Rc7 Kf8 74. h6 Kg8 75. h7+ Kf8 76. h8Q# 1-0

[Event "Winnipeg TNT March op"]
[Site "Winnipeg"]
[Date "2013.03.12"]
[Round "2"]
[White "Towns, Barry"]
[Black "Mandusic, Ante"]
[Result "1-0"]
[WhiteElo "1737"]
[BlackElo "1261"]
[PlyCount "77"]
[EventDate "2013.03.05"]
[EventType "swiss"]
[EventRounds "4"]
[EventCountry "CAN"]
[SourceTitle "EXT 2022"]
[Source "ChessBase"]
[SourceDate "2021.10.06"]
[SourceVersion "1"]
[SourceVersionDate "2021.10.06"]
[SourceQuality "1"]

1. e4 e5 2. f4 Nc6 3. Nf3 Bd6 4. Bc4 Nh6 5. 0-0 0-0 6. d3 Bc5+ 7. Kh1 d6 8. fxe5 Ng4 9. Ng5 Ngxe5 10. Qh5 h6 11. Nxf7 Nxf7 12. Bxf7+ Rxf7 13. Qxf7+ Kh7 14. Nc3 Ne5 15. Qf4 Ng6 16. Qg3 Bd7 17. Nd5 c6 18. Nf4 Qe8 19. Be3 Bxe3 20. Qxe3 Ne5 21. h3 Qe7 22. Qg3 g5 23. Nh5 Rf8 24. Rxf8 Qxf8 25. d4 Ng6 26. Qd3 d5 27. Rf1 Qe8 28. Nf6+ Kh8 29. Nxe8 Bxe8 30. exd5 Nf4 31. Qf5 Bg6 32. Qf6+ Kh7 33. dxc6 bxc6 34. Qe7+ Kg8 35. g3 Kh8 36. gxf4 Bh7 37. fxg5 Bg8 38. gxh6 Bxa2 39. Qg7# 1-0

[Event "Winnipeg TNT October op"]
[Site "Winnipeg"]
[Date "2008.10.07"]
[Round "1"]
[White "Mandusic, Ante"]
[Black "Green, Jim"]
[Result "0-1"]
[WhiteElo "1234"]
[BlackElo "1738"]
[PlyCount "76"]
[EventDate "2008.10.07"]
[EventType "swiss"]
[EventRounds "4"]
[EventCountry "CAN"]
[SourceTitle "EXT 2011"]
[Source "ChessBase"]
[SourceDate "2010.11.26"]
[SourceVersion "1"]
[SourceVersionDate "2010.11.26"]
[SourceQuality "1"]

1. g3 d5 2. d4 c6 3. Bg2 Nf6 4. Nf3 g6 5. 0-0 Bg7 6. Nc3 0-0 7. b3 Nbd7 8. e3 Re8 9. a4 a5 10. Re1 Qc7 11. Bb2 e5 12. e4 exd4 13. Nxd4 dxe4 14. Bxe4 Nc5 15. Bg2 Bg4 16. Bf3 Be6 17. Ba3 Nfd7 18. Rb1 Rad8 19. Nce2 Na6 20. Nf4 Nf8 21. c3 c5 22. Nb5 Rxd1 23. Nxc7 Rxe1+ 24. Rxe1 Nxc7 25. c4 b6 26. Bc1 Rd8 27. Bd1 Bc3 28. Re4 Rxd1+ 29. Kg2 Rxc1 30. Ne2 Rc2 31. Nf4 Bd4 32. h4 Rxf2+ 33. Kg1 Rxf4+ 34. Kg2 Rxe4 35. Kf3 Re3+ 36. Kf4 Bh3 37. Kg5 Nce6+ 38. Kh6 Bg7# 0-1

[Event "Winnipeg TNT September op"]
[Site "Winnipeg"]
[Date "2008.09.09"]
[Round "2"]
[White "Trueman, Francis"]
[Black "Mandusic, Ante"]
[Result "1-0"]
[WhiteElo "1502"]
[BlackElo "1282"]
[PlyCount "65"]
[EventDate "2008.09.02"]
[EventType "swiss"]
[EventRounds "5"]
[EventCountry "CAN"]
[SourceTitle "EXT 2011"]
[Source "ChessBase"]
[SourceDate "2010.11.26"]
[SourceVersion "1"]
[SourceVersionDate "2010.11.26"]
[SourceQuality "1"]

1. Nf3 Nc6 2. d3 d5 3. Nbd2 e5 4. e4 d4 5. g3 Nf6 6. Bg2 Be7 7. 0-0 0-0 8. Nc4 Bd6 9. Nxd6 cxd6 10. Qe2 h6 11. h4 Nh7 12. Nh2 b5 13. f4 f6 14. f5 b4 15. Qg4 Qa5 16. Bxh6 Rf7 17. Qg6 Nf8 18. Qg4 Kh7 19. Bd2 g6 20. Qf3 Qa4 21. fxg6+ Kxg6 22. h5+ Kh7 23. b3 Qa3 24. Bc1 Qa5 25. Ng4 f5 26. Nh6 Rf6 27. Nxf5 Bxf5 28. exf5 Qc5 29. Bg5 Rf7 30. f6 Nd7 31. Qf5+ Kh8 32. Qg6 Rh7 33. f7 1-0